000 01140nam a2200313 i 4500
003 EG-GICUC
005 20260121101326.0
008 251120s1992 ua |||fr|||| 000 0 d
017 _a1991/8.46
020 _a9770022055
040 _a EG-GICUC
_bara
_c EG-GICUC
_d EG-GICUC
_erda
041 0 _aara
082 0 4 _221
_a345.31
_bم م . س
092 0 4 _221
099 _aLaw1 07 345.31 م م . س 1992
100 0 _aممدوح عبد الحميد
_eمؤلف.
245 1 0 _aسلطات الضبط الإداري في الظروف الإستثنائية :
_b" سلطات البوليس في قوانين الطوارئ " دراسة مقارنة /
_cممدوح عبد الحميد.
264 1 _aالقاهرة،
_c1992.
_b[دار أبو المجد].
300 _a489 صفحة ؛
_c24 سم.
336 _2rda content
_atext
337 _2rda media
_aComputer
338 _2rda carrier
_aOnline Resource
546 _aالنص باللغة العربية
650 1 4 _aالضبط الإداري
_2qrmak
651 1 _2qrmak
856 4 0 _uhttps://fll.law.cu.edu.eg/fulltext/bks/B07-01016.pdf
905 _a78
942 _2ddc
_cBK
_e21
_n0
999 _c44958
_d44958